000 00290nam a2200109Ia 4500
008 190216s9999||||xx |||||||||||||| ||und||
100 _aJain Sp And Narag K L
245 0 _aPractical Problems In Advanced Accounting
260 _bHimalaya Publishing House
_c1984
300 _a808p
942 _cBK
999 _c4409
_d4409